Vývoj SPD v nemeckom politickom systéme v kontexte jej krízy identity

Postavenie politickej strany v nemeckom politickom systéme. Ústavno-právne statusy politickej strany v podmienkach SRN. Spolkový zákon o politických stranách. Analýza pozície SPD v Nemecku od druhej svetovej vojny po súčasnosť. 1 Godesbergský program 1959 ako faktor obrodenia SPD. Genéza SPD pod...

Descripción completa

Guardado en:
Detalles Bibliográficos
Autor principal: Kollarová, Barbora
Formato: Capítulo de libro
Lenguaje:eslovaco
Materias:
Etiquetas: Agregar Etiqueta
Sin Etiquetas, Sea el primero en etiquetar este registro!

MARC

LEADER 00000naa a2200000 4500
001 0226900
005 20221019162924.2
041 0 |a slo 
044 |a SK 
245 1 0 |a Vývoj SPD v nemeckom politickom systéme v kontexte jej krízy identity  |c Barbora Kollarová 
520 |a Postavenie politickej strany v nemeckom politickom systéme. Ústavno-právne statusy politickej strany v podmienkach SRN. Spolkový zákon o politických stranách. Analýza pozície SPD v Nemecku od druhej svetovej vojny po súčasnosť. 1 Godesbergský program 1959 ako faktor obrodenia SPD. Genéza SPD pod vedením Gerharda Schrödera. Koncepcia tretej cesty alebo strana tzv. Nového stredu. Agenda 2010 a kontroverzia Hartzovych zákonov. Kríza sociálnej demokracie a príčiny jej vzniku. 
610 2 0 |a Nemecko 
610 2 0 |a strany politické 
610 2 0 |a história 
610 2 0 |a programy politické 
100 1 |a Kollarová, Barbora